Where words end : (Record no. 24145)
[ view plain ]
| 000 -LEADER | |
|---|---|
| fixed length control field | 02035nam a22003137a 4500 |
| 005 - DATE AND TIME OF LATEST TRANSACTION | |
| control field | 20090221120427.0 |
| 008 - FIXED-LENGTH DATA ELEMENTS--GENERAL INFORMATION | |
| fixed length control field | 090221t xxu||||| |||| 00| 0 eng d |
| 010 ## - LCCN (DPL NO) | |
| LC control number | B-340703-708 |
| 020 ## - INTERNATIONAL STANDARD BOOK NUMBER | |
| International Standard Book Number | 9798126024253 |
| Terms of availability | 150.00 |
| 020 ## - INTERNATIONAL STANDARD BOOK NUMBER | |
| International Standard Book Number | 8126024259 |
| Terms of availability | 150.00 |
| 035 ## - SYSTEM CONTROL NUMBER | |
| System control number | B-340703-708 |
| 037 ## - SOURCE OF ACQUISITION | |
| Source of stock number/acquisition | North India Publishers & Distributors |
| 040 ## - CATALOGING SOURCE | |
| Original cataloging agency | dpl |
| Language of cataloging | English |
| 082 ## - DEWEY DECIMAL CLASSIFICATION NUMBER | |
| Classification number | 881 |
| 100 ## - MAIN ENTRY--PERSONAL NAME | |
| Personal name | Dev |
| 245 ## - TITLE STATEMENT | |
| Title | Where words end : |
| Statement of responsibility, etc | by Dev; translated by Gurbhagat Singh |
| Remainder of title | a collection of poems in Punjabi / |
| 260 ## - PUBLICATION, DISTRIBUTION, ETC. (IMPRINT) | |
| Place of publication, distribution, etc | New Delhi |
| Name of publisher, distributor, etc | Sahitya Akademi |
| Date of publication, distribution, etc | 2007 |
| 270 ## - ADDRESS | |
| Address | Rabindra Bhavan, 35 Ferozeshah Road , |
| City | New Delhi |
| Postal code | 110001 |
| 300 ## - PHYSICAL DESCRIPTION | |
| Extent | xxiv, 347.p. |
| Dimensions | 23cm.(Hb) |
| 700 ## - ADDED ENTRY--PERSONAL NAME | |
| Personal name | Gurbhagat Singh |
| 942 ## - ADDED ENTRY ELEMENTS (KOHA) | |
| Source of classification or shelving scheme | Dewey Decimal Classification |
| Item type | English Books |
| Classification part | 881 |
| Call number suffix | DEV |
| Withdrawn status | Lost status | Source of classification or shelving scheme | Damaged status | Not for loan | Collection code | Home library | Current library | Date acquired | Source of acquisition | Cost, normal purchase price | Total Checkouts | Full call number | Barcode | Date last seen | Copy number | Cost, replacement price | Koha item type |
|---|---|---|---|---|---|---|---|---|---|---|---|---|---|---|---|---|---|
| Written-off vide DLB M. No. 383 dt 16.05.19 | Dewey Decimal Classification | Non-fiction | Central Library | Central Library | 21/02/2009 | North India Pub./NIP30/09/9.6.09/52/5.6.09/17.6.09 | 150.00 | 881 DEV | B-340703 | 21/02/2009 | 1 | 150.00 | English Books | ||||
| Dewey Decimal Classification | Non-fiction | Janak Puri | Janak Puri | 03/11/2009 | North India Pub./NIP30/09/9.6.09/52/5.6.09/17.6.09 | 150.00 | 17 | 881 DEV | B-340705 | 02/06/2017 | 1 | 150.00 | English Books | ||||
| Dewey Decimal Classification | Non-fiction | Karol Bagh | Karol Bagh | 03/11/2009 | North India Pub./NIP30/09/9.6.09/52/5.6.09/17.6.09 | 150.00 | 881 DEV | B-340707 | 03/11/2009 | 1 | 150.00 | English Books | |||||
| Dewey Decimal Classification | Non-fiction | Patel Nagar | Patel Nagar | 03/11/2009 | North India Pub./NIP30/09/9.6.09/52/5.6.09/17.6.09 | 150.00 | 881 DEV | B-340704 | 03/11/2009 | 1 | 150.00 | English Books | |||||
| Dewey Decimal Classification | Non-fiction | Sarojini Nagar | Sarojini Nagar | 03/11/2009 | North India Pub./NIP30/09/9.6.09/52/5.6.09/17.6.09 | 150.00 | 1 | 881 DEV | B-340706 | 18/03/2025 | 1 | 150.00 | English Books | ||||
| Dewey Decimal Classification | Non-fiction | Shahdara Branch | Shahdara Branch | 03/11/2009 | North India Pub./NIP30/09/9.6.09/52/5.6.09/17.6.09 | 150.00 | 881 DEV | B-340708 | 03/11/2009 | 1 | 150.00 | English Books |
